00404 a2200145 4500010001400000020002300014035001300037037001500050082001300065100001700078245004300095260006600138300003100204650002300235 aENG-86323 a8172148828c350.00 aEN-69856 bDBAD / PUB14a280.80951 aEvers, Georg14aThe Churches in Asia /cby Georg Evers aDelhibIndian Society for Promoting Christian Knowledgec2005 axxv, 599 p. c23 cm. (Pbk) 0aChristianityzAsia